Online Public Access Catalogue

Cecil Textbook of Medicine (Record no. 9006)

MARC details
000 -LEADER
fixed length control field 00534nam a22001817a 4500
020 ## - INTERNATIONAL STANDARD BOOK NUMBER
International Standard Book Number 0721629105
082 ## - DEWEY DECIMAL CLASSIFICATION NUMBER
Classification number 616
Author Mark CEC
100 ## - MAIN ENTRY--PERSONAL NAME
Author Name James B. Wyngaarden,
100 ## - MAIN ENTRY--PERSONAL NAME
Author Name Lloyd H. Smith
245 ## - TITLE STATEMENT
Title Cecil Textbook of Medicine
250 ## - EDITION STATEMENT
Edition statement 18th
260 ## - PUBLICATION, DISTRIBUTION, ETC.
Place of publication, distribution, etc. London
Name of publisher, distributor, etc. W.B. Saunders
Date of publication, distribution, etc. 1988
300 ## - PHYSICAL DESCRIPTION
No of Pages xxxiv;1201p,
illustrations ill,(col.)
Dimensions 28cm.
490 ## - Volume Statement
Volume vol-1
504 ## - BIBLIOGRAPHY, ETC. NOTE
Bibliography, Index, etc. note Including Index and Bibliography
650 ## - SUBJECT ADDED ENTRY--TOPICAL TERM
Subject Medicine
Keywords Principles of Humman Genetics
-- Oncology
-- Eye Disease
-- Skin Disease
-- IMDC
942 ## - ADDED ENTRY ELEMENTS (KOHA)
Source of classification or shelving scheme
Koha item type Books
Holdings
Item status Home library Current library Shelving location Date acquired Source of acquisition Total Checkouts Full call number Barcode Date last seen Koha item type
  Islamabad Medical and Dental College Islamabad Medical and Dental College Islamabad Medical and Dental College 26/10/2018 Gifted by Dr. Ghulam Akber Niazi Chairman IMDC   616 CEC G-119 26/10/2018 Books

Copyright @ IMDC Library
Islamabad Medical and Dental College
Bhara Kahu, Islamabad

  Contact the Librarian, IMDC
  Email:: library@imdcollege.edu.pk

  OPAC Customized by
  Mazhar Hussain,
  Librarian:
  Islamabad Medical and Dental College
  Email:: library@imdcollege.edu.pk